[Event "Krasnodar Region Cup"]
[Site "Krasnodar"]
[Date "2013.01.30"]
[Round "8"]
[White "Ramazanov, Ruslan"]
[Black "Karasev, Artem"]
[Result "1/2-1/2"]
[WhiteElo "1752"]
[BlackElo "1886"]
[PlyCount "81"]
[EventDate "2013.01.23"]
[EventType "swiss"]
[EventRounds "8"]
[EventCountry "RUS"]
[SourceTitle "EXT 2023"]
[Source "ChessBase"]
[SourceDate "2022.10.05"]
[SourceVersion "1"]
[SourceVersionDate "2022.10.05"]
[SourceQuality "1"]

1. e4 c6 2. d4 d5 3. exd5 cxd5 4. c4 Nf6 5. Nc3 Nc6 6. Bg5 e6 7. c5 Be7 8. Nf3 0-0 9. a3 Ne4 10. Bxe7 Qxe7 11. Qc2 Nxc3 12. Qxc3 e5 13. dxe5 d4 14. Nxd4 Nxd4 15. Qxd4 Rd8 16. Qe3 Rd5 17. Rd1 Rxd1+ 18. Kxd1 Bg4+ 19. Be2 Rd8+ 20. Ke1 Rd5 21. f4 Bxe2 22. Kxe2 Rxc5 23. Rc1 Rxc1 24. Qxc1 Qd7 25. Qc4 g6 26. Qd3 Qg4+ 27. Qf3 Qc8 28. Kd2 Qd7+ 29. Kc1 b6 30. Kb1 Qf5+ 31. Kc1 Qd7 32. g4 a5 33. Kb1 Qd4 34. h3 Kg7 35. Qg3 Qd1+ 36. Ka2 a4 37. Qe3 Qd5+ 38. Kb1 Qd1+ 39. Ka2 Qd5+ 40. Kb1 Qd1+ 41. Ka2 1/2-1/2

[Event "Krasnodar Region Cup"]
[Site "Krasnodar"]
[Date "2013.01.29"]
[Round "7"]
[White "Sverkunov, Oleg"]
[Black "Ramazanov, Ruslan"]
[Result "1-0"]
[WhiteElo "1886"]
[BlackElo "1752"]
[PlyCount "119"]
[EventDate "2013.01.23"]
[EventType "swiss"]
[EventRounds "8"]
[EventCountry "RUS"]
[SourceTitle "EXT 2023"]
[Source "ChessBase"]
[SourceDate "2022.10.05"]
[SourceVersion "1"]
[SourceVersionDate "2022.10.05"]
[SourceQuality "1"]

1. e4 e5 2. Nf3 Nc6 3. Bb5 f5 4. exf5 e4 5. Qe2 Qe7 6. Bxc6 bxc6 7. Nd4 Nf6 8. 0-0 a5 9. c4 Ba6 10. b3 Qe5 11. Nc2 d5 12. d3 Bd6 13. f4 exf3 14. Qxe5+ Bxe5 15. Re1 f2+ 16. Kxf2 Ng4+ 17. Kg1 0-0 18. h3 Bxa1 19. Nxa1 Rae8 20. Nc2 Rxe1+ 21. Nxe1 Re8 22. Bd2 Ne3 23. g4 d4 24. Bxa5 h5 25. Nf3 c5 26. Nh2 hxg4 27. hxg4 Bb7 28. Bd2 Kf7 29. Kf2 Rh8 30. Kg3 Kf6 31. a4 Bc6 32. Ba5 Bg2 33. Bxc7 Rh3+ 34. Kf2 Bb7 35. Nd2 Nd1+ 36. Ke1 Nc3 37. Nhf1 Rxd3 38. Bd6 Ne4 39. Nxe4+ Bxe4 40. Bxc5 Kg5 41. Nd2 Kxg4 42. Ke2 Bxf5 43. a5 Re3+ 44. Kd1 Rd3 45. a6 Bc8 46. a7 Bb7 47. b4 Kf4 48. b5 g5 49. Bb4 g4 50. Kc2 Re3 51. c5 g3 52. c6 Ba8 53. c7 Bb7 54. a8Q g2 55. Bd6+ Kf5 56. c8Q+ Bxc8 57. Qxc8+ Kf6 58. Qg8 Rc3+ 59. Kd1 g1Q+ 60. Qxg1 1-0

[Event "Krasnodar Region Cup"]
[Site "Krasnodar"]
[Date "2013.01.24"]
[Round "2"]
[White "Ramazanov, Ruslan"]
[Black "Gorinov, Ilya"]
[Result "1-0"]
[WhiteElo "1752"]
[BlackElo "1947"]
[PlyCount "53"]
[EventDate "2013.01.23"]
[EventType "swiss"]
[EventRounds "8"]
[EventCountry "RUS"]
[SourceTitle "EXT 2023"]
[Source "ChessBase"]
[SourceDate "2022.10.05"]
[SourceVersion "1"]
[SourceVersionDate "2022.10.05"]
[SourceQuality "1"]

1. e4 e6 2. d4 d5 3. Nd2 c5 4. exd5 exd5 5. Ngf3 Nc6 6. Bb5 Nf6 7. 0-0 Be6 8. Re1 h6 9. c3 c4 10. Qa4 Qb6 11. b3 cxb3 12. axb3 Nd7 13. c4 0-0-0 14. c5 Qc7 15. Bxc6 bxc6 16. b4 Qb7 17. Nb3 Qb5 18. Qxa7 g5 19. Ra6 Qb7 20. Bd2 Bg7 21. Rea1 Qxa7 22. Rxa7 Rhg8 23. b5 Nb8 24. b6 Rd7 25. Ne5 Bxe5 26. dxe5 Rdd8 27. Rc7# 1-0